000 00350nam a22001457a 4500
003 MACL
005 20191122155330.0
008 191122b xxu||||| |||| 00| 0 eng d
040 _cMACL
100 _aSrivastava, Pratima
_977234
245 _aThe Drift Wood
260 _aDelhi
_bNiyogi Books
_c2017
650 _aFiction
_977235
942 _2ddc
_cBK
999 _c61374
_d61374